书目信息 |
| 题名: |
史上最强的财富启蒙书
|
|
| 作者: | 克拉森 著 | |
| 分册: | ||
| 出版信息: | 广州 广东旅游出版社 2020.05 |
|
| 页数: | 309页 | |
| 开本: | 21cm | |
| 丛书名: | ||
| 单 册: | ||
| 中图分类: | F715-49 | |
| 科图分类: | ||
| 主题词: | 商业经济--国内 | |
| 电子资源: | ||
| ISBN: | 978-7-80766-580-9 | |
| 000 | 00818nam0 2200217 450 | |
| 001 | 2356240270 | |
| 005 | 20231122154252.37 | |
| 010 | @a978-7-80766-580-9@dCNY45.00 | |
| 100 | @a20231122d2020 km y0chiy0120 ea | |
| 101 | 0 | @achi |
| 102 | @aCN@b440000 | |
| 200 | 1 | @a史上最强的财富启蒙书@AShi Shang Zui Qiang De Cai Fu Qi Meng Shu@e财富的终极秘密@f(美)克拉森 ( Clason, G. ) 著@F(Mei)Ke La Sen(Clason,G.)Zhu |
| 210 | @a广州@c广东旅游出版社@d2020.05 | |
| 215 | @a309页@d21cm | |
| 330 | @a本书将引领读者回溯到古巴比伦时代, 书中囊括了聚集更多的财富以及对有效解决个人财务问题的理财启示和忠告等。 | |
| 517 | 1 | @a财富的终极秘密@ACai Fu De Zhong Ji Mi Mi |
| 606 | 0 | @a商业经济@x国内 |
| 690 | @aF715-49@v4 | |
| 701 | 0 | @a克拉森@AKe La Sen@bClason,G.@4著 |
| 801 | 0 | @aCN@b河南城建学院图书馆@c20231122 |
| 905 | @dF715-49@eK636 | |
| 史上最强的财富启蒙书:财富的终极秘密/(美)克拉森 ( Clason, G. ) 著.-广州:广东旅游出版社,2020.05 |
| 309页;21cm |
| ISBN 978-7-80766-580-9:CNY45.00 |
| 本书将引领读者回溯到古巴比伦时代, 书中囊括了聚集更多的财富以及对有效解决个人财务问题的理财启示和忠告等。 |
| ● |
| 相关链接 |
|
|
|
正题名:史上最强的财富启蒙书
索取号:F715-49/K636
 
预约/预借
| 序号 | 登录号 | 条形码 | 馆藏地/架位号 | 状态 | 备注 |
| 1 | 1548121 | 215481217 | 教务处资料室/ [索取号:F715-49/K636] | 在馆 | |
| 2 | 1548122 | 215481226 | 教务处资料室/ [索取号:F715-49/K636] | 在馆 |